| 000 | 01492nam0a2200337 4500 | ||
|---|---|---|---|
| 001 | RU\NLR\bibl\1108824 | ||
| 005 | 20250615060928.0 | ||
| 010 |
_a978-5-8459-1254-1 _93000 |
||
| 021 |
_aRU _b2007-37648 _92011 |
||
| 035 | _a(NLR Aleph) 001095874 | ||
| 090 |
_a1147469 _c1147469 |
||
| 100 | _a20070712d2007 |||y0rusy50 ca | ||
| 101 | 1 |
_arus _ceng |
|
| 102 | _aRU | ||
| 105 | _aa ||||||||| | ||
| 200 | 1 |
_aMicrosoft office word 2007 для "чайников" _e[новейшие сведения о самой современной версии Word] _fДэн Гукин _g[пер. с англ. и ред. В.С. Иващенко] |
|
| 210 |
_aМосква [и др.] _cДиалектика _cВильямс _d2007 |
||
| 215 |
_a354 с. _cил. _d24 |
||
| 225 | 1 | _aДля сомневающихся | |
| 225 | 1 |
_a... для "чайников" _eсерия компьютерных книг от Диалектики |
|
| 300 | _aЗагл. и авт. ориг: Microsoft office Word 2007 for dummies by Dan Gookin | ||
| 320 | _aПредм. указ.: с. 345-354 | ||
| 454 | 0 |
_12001#$aMicrosoft office Word 2007 for dummies _1701#1$aGookin$bD.$gDan$4070 _tMicrosoft office Word 2007 for dummies |
|
| 606 | 1 |
_aMICROSOFT WORD 2007, текстовый редактор _92478935 _3RU\NLR\auth\661471734 |
|
| 686 | _aЗ973.233-018 | ||
| 700 | 1 |
_aГукин _bД. _gДэн _4070 |
|
| 801 | 0 |
_aRU _bNLR _c20070712 _gRCR |
|
| 801 | 1 |
_aRU _bNLR _c20070712 |
|
| 942 | _cBOOK | ||
| 980 | _aNB | ||